Excavations at Fishbourne, 1961-1969 /

Bibliographic Details
Main Author: Cunliffe, Barry W.
Format: Book
Language:English
Published: London : Society of Antiquaries, 1971.
Series:Reports of the Research Committee of the Society of Antiquaries of London ; no. 26-27.
Subjects:

MARC

Tag First Indicator Second Indicator Subfields
LEADER 00000cam a2200000 4500
001 in00000425310
005 20151012054305.0
008 711228s1971 enkabe b 00010 engm
010 |a  74872142  
015 |a B71-12067 
020 |a 0854310053 
035 |a (OCoLC)00226863 
035 |9 ABU7198AM 
040 |a DLC  |c DLC  |d m.c.  |d TXA  |d UtOrBLW 
043 |a e-uk-en 
049 |a TXAM  |c [A09384319] 
050 0 0 |a DA147.F5  |b C78 
082 0 |a 913.3/62 
100 1 |a Cunliffe, Barry W. 
245 1 0 |a Excavations at Fishbourne, 1961-1969 /  |c by Barry Cunliffe. 
264 1 |a London :  |b Society of Antiquaries,  |c 1971. 
300 |a 2 volumes :  |b illustrations (some color), plans, maps ;  |c 28 cm. 
336 |a text  |b txt  |2 rdacontent 
337 |a unmediated  |b n  |2 rdamedia 
338 |a volume  |b nc  |2 rdacarrier 
490 1 |a Reports of the Research Committee of the Society of Antiquaries of London,  |v no. 26-27 
500 |a Spine title: Fishbourne, 1961-1969. 
504 |a Includes bibliographies. 
505 0 |a v. 1. The site.--v. 2. The finds. 
650 0 |a Excavations (Archaeology)  |z England  |z Fishbourne (West Sussex) 
651 0 |a Fishbourne (West Sussex)  |x Antiquities, Roman. 
651 0 |a England  |x Antiquities, Roman. 
740 0 |a Fishbourne, 1961-1969. 
830 0 |a Reports of the Research Committee of the Society of Antiquaries of London ;  |v no. 26-27. 
999 |a MARS 
999 f f |s 8c3d0e07-bd53-3d95-9712-f456762f44a8  |i 3f76ac2a-e70c-3063-bea8-21c0da841c63  |t 0 
952 f f |p normal  |a Texas A&M University  |b College Station  |c Sterling C. Evans Library  |d Evans: Library Stacks  |t 0  |e DA147.F5 C78  |h Library of Congress classification  |i unmediated -- volume  |m A14809384319 
998 f f |a DA147.F5 C78  |t 0  |l Evans: Library Stacks